000 00827nam a2200205Ia 4500
008 0000001989 ck a 0000000000spa00
090 _aPSP00 G34p
100 1 _aGil Tovar, Francisco
_d1924
245 1 3 _aEl paisaje, la acuarela, el papel, el pintor
_c/ textos Francisco Gil Tovar ; fotografías Antonio Nariño, Hernán Díaz
300 _a[36] p.
_c/ 35 cm.
500 _aCon el patronazgo del maestro venezolano Jesús Rafael Soto (q.e.p.d.) \ Registro auspiciado por el IDCT. Bogotá
600 0 0 _aGIL TOVAR, FRANCISCO /
_xTRABAJOS PICTORICOS
650 1 4 _aARTE CONTEMPORANEO ESPAÑOL
650 1 4 _xCATALOGOS
650 1 4 _xEXPOSICIONES
650 1 4 _aPINTORES ESPAÑOLES
650 1 4 _aPINTURA ESPAÑOLA
700 1 _aNariño, Antonio \ Díaz, Hernán, 19312009
999 _c2803
_d2803
260 _aBogotá : Propal
_c1989